000 00826nam0a22002411 4500
001 rc\1163035
005 20250622203920.0
035 _a(NLR Aleph) 006407053
090 _a5306330
_c5306330
100 _a20041129d1980 |||y0rusy50 ca
101 0 _arus
102 _aRU
105 _aa |||||||||
200 1 _aПляшет, пляшет Илемби
_e[Стихи
_eДля дошк. возраста]
_fРаиса Сарби
_gПер. с чуваш. Ю. Кушак
_g[Рис. Т. Зебровой]
210 _aМ.
_cМалыш
_d1980
215 _a40 с.
_cцв. ил.
_d26
700 1 _aСарби
_bР.В.
_f1951-
_gРаиса Васильевна
702 1 _aКушак
_bЮ.Н.
_gЮрий Наумович
_4730
801 0 _aRU
_bNLR
_gpsbo
801 1 _aRU
_bELAR
_2rusmarc
852 _aNLR
_j81-7/37
942 _cBOOK
980 _aNB